[Event "22nd OIBM 2018"]
[Site "Gmund am Tegernsee"]
[Date "2018.10.30"]
[Round "4"]
[White "Braun, Arik"]
[Black "Stark, Lars"]
[Result "0-1"]
[WhiteElo "2603"]
[BlackElo "2374"]
[Annotator "TA"]
[PlyCount "98"]
[EventDate "2018.10.27"]
[EventType "swiss"]
[EventCountry "GER"]
[SourceTitle "playchess.com"]
[Source "ChessBase"]
[SourceQuality "1"]

{[%evp 14,98,30,30,31,26,44,44,43,39,56,35,60,60,60,64,64,64,67,75,74,67,71,71,80,77,77,80,152,33,37,0,0,0,0,0,0,-72,0,0,0,0,74,51,40,0,0,-40,0,0,0,0,0,0,0,0,0,0,0,0,0,0,0,0,0,0,0,-562,-547,-564,-527,-531,-430,-1334,-1327,-5335,-5335,-12841,-6741,-6291,-2240,-29969,-29970,-29989,-29989,-29992,-1126]} 1. d4 Nf6 2. Bg5 e6 3. e4 h6 4. Bxf6 Qxf6 5. c3 c5 6. Nf3 Nc6 {A46: Damenbauernspiele} 7. d5 Ne5 8. Be2 {LiveBook: 11 Partien} Be7 $146 {Weiß hat minimalen Vorteil.} ({Vorgänger:} 8... exd5 9. Qxd5 Nxf3+ 10. Bxf3 Be7 11. Na3 d6 12. O-O Rb8 13. Rfd1 O-O 14. Nb5 {1-0 (46) Moiseenko,A (2677)-Djukic,N (2526) Minsk 2017}) 9. O-O O-O 10. d6 {zielt auf Sxe5 ab.} Bd8 11. a4 Rb8 12. Na3 {[%cal Bb1a3,Ba3c4,Bc4e3,Be3g4][%mdl 32]} b6 13. Nxe5 Qxe5 14. f3 Qf4 15. g3 $36 {[%mdl 2048] Weiss steht aktiver.} Qf6 16. Qd2 Qg6 17. Nc4 f6 18. Ne3 a6 19. b4 cxb4 20. cxb4 f5 ({Besser ist} 20... b5) 21. f4 (21. exf5 $16 exf5 22. f4) 21... fxe4 $14 22. Ng4 b5 23. a5 Bf6 24. Rac1 $1 Bb7 25. Qe3 {[#]} (25. Rc7 $1 $11) 25... Bc6 ({Lieber} 25... h5 $1 $17 {[%cal Rh5g4]} 26. Nxf6+ Qxf6) 26. Rc5 $11 Rbe8 27. h4 {[%cal Bh2h4,Bh4h5][%mdl 32]} Rb8 (27... Rc8 $11) 28. h5 $16 {[%mdl 1024] Weiss hat starke Kompensation.} Qf7 29. Rfc1 Bd5 30. Rc7 Rfd8 (30... e5 $5) 31. Rf1 Rf8 32. Ne5 Bxe5 $1 33. fxe5 Qe8 34. Rxf8+ Kxf8 35. Kf2 Kg8 36. Ke1 Bc6 37. Kd2 Bd5 38. Qf4 Rc8 {...Txc7 ist eine echte Drohung.} 39. Qe3 Ra8 40. Bf1 $2 {[%mdl 8192]} (40. Qf4 $11 {und Weiss muss sich keine Sorgen machen.}) 40... Qxh5 $19 41. Rxd7 Qxe5 42. Qc3 Qg5+ 43. Kd1 (43. Qe3 $142 Qf6 44. Be2 Qb2+ 45. Kd1) 43... Rf8 44. Be2 {[#]} Bc4 $1 45. Bxc4 bxc4 46. Qxc4 Qe5 (46... Qh5+ $142 47. g4 Qh1+ 48. Kd2 {[#]} e3+ $1 {[%mdl 512]} 49. Kxe3 Rf3+ 50. Kd2 Rf2+ 51. Qe2 Qd5+ 52. Ke3 Rxe2+ 53. Kxe2 Qb5+ 54. Kd2 Qxd7) 47. Ke2 e3 {Schwarz setzt Matt.} 48. Kd1 Qa1+ 49. Ke2 Qf1+ {Precision: Weiß = 59%, Schwarz = 64%.} 0-1

[Event "22nd OIBM 2018"]
[Site "Gmund am Tegernsee"]
[Date "2018.10.30"]
[Round "4"]
[White "Papp, Gabor"]
[Black "Bente, Bjoern"]
[Result "1-0"]
[WhiteElo "2591"]
[BlackElo "2228"]
[Annotator "TA"]
[PlyCount "35"]
[EventDate "2018.10.27"]
[EventType "swiss"]
[EventCountry "GER"]
[SourceTitle "playchess.com"]
[Source "ChessBase"]
[SourceQuality "1"]

{[%evp 24,35,39,35,47,39,42,43,52,52,145,150,433,448]} 1. Nf3 d5 2. g3 Nf6 3. Bg2 c5 4. O-O Nc6 5. d4 e6 6. c4 Be7 7. cxd5 exd5 8. dxc5 Bxc5 9. a3 O-O 10. b4 Bb6 11. Bb2 Ne4 12. Nc3 {D30: Queen's Gambit Declined: Systems without Nc3} Nxc3 13. Bxc3 {[#] LiveBook: 4 Games} Bf5 $146 ({Predecessor:} 13... Bg4 14. e3 d4 15. exd4 Nxd4 16. Bxd4 Bxf3 17. Qxf3 Bxd4 18. Rad1 Qb6 19. Qxb7 Rad8 20. Qxb6 axb6 {½-½ (37) Gurevich,D (2471)-Sadorra,J (2554) Saint Louis 2017}) 14. b5 {White is slightly better.} Na5 15. Nd4 Bg6 16. Nb3 Be4 (16... Nxb3 $14 17. Qxb3 Rc8) 17. Bxe4 $16 dxe4 $2 {[#]} (17... Nxb3 $16 {was necessary.} 18. Bxh7+ (18. Qxb3 dxe4 19. Bb4 Re8 $14) 18... Kxh7 19. Qxb3 Rc8) 18. Qxd8 1-0

[Event "22nd OIBM 2018"]
[Site "Gmund am Tegernsee"]
[Date "2018.10.30"]
[Round "4"]
[White "Petrosyan, Manuel"]
[Black "Ryzhkov, Vadim"]
[Result "1-0"]
[WhiteElo "2574"]
[BlackElo "2171"]
[Annotator "TA"]
[PlyCount "125"]
[EventDate "2018.10.27"]
[EventType "swiss"]
[EventCountry "GER"]
[SourceTitle "playchess.com"]
[Source "ChessBase"]
[SourceQuality "1"]

{[%evp 23,125,0,14,0,0,0,0,0,13,17,34,35,39,39,39,36,37,39,43,41,41,39,54,39,47,40,40,40,39,39,39,37,39,13,39,39,39,39,40,41,41,35,41,41,41,41,53,42,277,273,264,249,302,324,311,274,352,349,344,335,440,435,481,472,651,655,635,647,639,637,622,617,622,602,1658,1676,12824,12822,6614,4344,5689,3053,2773,2150,2634,2373,12837,12837,12838,12839,12839,12839,12841,12840,12839,12839,12841,12840,12843,12844,29987,29988,29987,29988]} 1. d4 Nf6 2. c4 e6 3. Nf3 b6 4. g3 Bb7 5. Bg2 Bb4+ 6. Bd2 a5 7. O-O O-O 8. Bf4 Be7 9. Nc3 Ne4 10. Qc2 Nxc3 11. Qxc3 d6 12. Rad1 Nd7 {LiveBook: 9 Games} 13. Qd3 {E16: Queen's Indian: 4 g3 Bb7 5 Bg2 Bb4+} Nf6 14. Nd2 Bxg2 15. Kxg2 {[#] The position is equal.} c6 $146 ({Predecessor:} 15... Nd7 16. Ne4 Re8 17. Nc3 Bf6 18. b3 e5 19. dxe5 Nc5 20. Qf3 Bxe5 21. Bxe5 Rxe5 {1-0 (40) Petrosyan,M (2567)-Meskovs,N (2524) Riga 2018}) 16. e4 {[%cal Be2e4,Be4e5][%mdl 32]} d5 17. cxd5 cxd5 18. e5 Nd7 19. Rc1 Qb8 20. Qb5 Qa7 21. Rc6 Rfc8 22. Rfc1 Qb7 23. Nb1 Rxc6 24. Rxc6 Rc8 25. Rxc8+ Qxc8 26. Nc3 h6 27. h4 Bb4 28. Na4 Qc7 29. a3 Be7 30. h5 Kf8 31. Nc3 Nb8 32. Bd2 Qc6 33. Qd3 {[#] And now Qh7 would win.} Kg8 34. f4 Bd8 35. g4 (35. Be3 {looks sharper.} Qc7 36. f5 Nc6 37. Qa6 Ne7 38. fxe6 fxe6 39. g4) 35... Qc4 $2 (35... Qd7 $14) 36. Qxc4 $18 dxc4 {[%mdl 4096] Endgame KBN-KBN} 37. Kf3 f6 38. Ke4 Kf7 39. Nb5 fxe5 40. Nd6+ ({Less strong is} 40. Kxe5 Nd7+ 41. Kd6 Nf6 $16) (40. dxe5 Be7 $18) (40. fxe5 Na6 $16) 40... Ke7 41. dxe5 ({Weaker is} 41. fxe5 c3 $18) 41... Nc6 42. a4 Kd7 43. Nxc4 Ne7 44. f5 Nd5 {[#]} 45. f6 $1 {[%mdl 512]} gxf6 46. Bxh6 Ke7 47. Be3 Kf7 48. Bd4 Bc7 49. exf6 Nxf6+ 50. Bxf6 Kxf6 {KB-KN} 51. Nd2 Bd6 52. Nf3 Kg7 53. g5 Kf7 54. b3 Ba3 55. Kf4 Bc1+ 56. Kg4 Bb2 57. h6 Bc1 58. Ne5+ Kg8 59. Nc4 Kf7 60. Kh5 Bf4 61. Nxb6 e5 62. g6+ Kg8 63. Nd5 {Precision: White = 85%, Black = 31%.} 1-0

[Event "22nd OIBM 2018"]
[Site "Gmund am Tegernsee"]
[Date "2018.10.30"]
[Round "4"]
[White "Fier, Alexandr"]
[Black "Schneider, Jana"]
[Result "1-0"]
[WhiteElo "2558"]
[BlackElo "2174"]
[Annotator "TA"]
[PlyCount "73"]
[EventDate "2018.10.27"]
[EventType "swiss"]
[EventCountry "GER"]
[SourceTitle "playchess.com"]
[Source "ChessBase"]
[SourceQuality "1"]

{[%evp 21,73,31,29,41,52,56,48,42,70,69,110,25,56,46,64,11,13,14,21,33,54,65,79,57,101,90,129,80,77,83,243,241,234,220,399,406,694,716,735,757,1189,1207,926,922,1262,1355,1368,1460,1450,1438,1743,1728,1525,1437]} 1. e4 e5 2. Nf3 Nc6 3. d4 exd4 4. Nxd4 Bb4+ 5. c3 Bc5 6. Nxc6 bxc6 7. Bd3 {C45: Scotch Game} d6 8. O-O Ne7 {[%cal Bg8e7,Be7g6,Bg6h4][%mdl 32]} 9. Nd2 O-O 10. b4 Bb6 11. a4 a5 {LiveBook: 3 Games} 12. Nc4 Ng6 $146 ({Predecessor:} 12... axb4 13. Nxb6 cxb6 14. cxb4 c5 {0-1 (37) Howell,D (2633)-McShane,L (2671) London 2011}) 13. Nxb6 cxb6 14. b5 c5 15. f4 f5 16. Qc2 ({White should try} 16. Ra2 $16) 16... Bb7 17. exf5 Nh4 18. f6 (18. Rf2 $1 $14) 18... Qxf6 $11 19. Bxh7+ Kh8 20. Be4 $1 $36 {[%cal Re4b7][%mdl 2048] White fights for an advantage.} Bxe4 21. Qxe4 Rae8 $1 {[%cal Re8e4]} 22. Qd3 Qe6 23. Bd2 Qe2 24. Qxe2 Rxe2 25. Rf2 Rxf2 $2 (25... Re4 $16 {keeps fighting.}) 26. Kxf2 $16 {[%mdl 4096] Endgame KRB-KRN} Ng6 27. Kf3 Ne5+ $2 {[#]} (27... Kg8 28. h3 Kf7) 28. Ke4 $1 $18 Nc4 (28... Ng4 $142 29. Kd5 Rf6) 29. Bc1 {White is clearly winning.} Re8+ 30. Kd5 Ne3+ 31. Bxe3 Rxe3 32. Kxd6 {KR-KR} Re4 33. f5 Rh4 34. Kc7 Rh6 35. g4 {[%cal Bg2g4,Bg4g5][%mdl 32]} g5 {[#]} 36. h4 $1 gxh4 37. g5 {Precision: White = 64%, Black = 26%.} 1-0

[Event "22nd OIBM 2018"]
[Site "Gmund am Tegernsee"]
[Date "2018.10.30"]
[Round "4"]
[White "Mons, Leon"]
[Black "Ammon, Tobias"]
[Result "1/2-1/2"]
[WhiteElo "2554"]
[BlackElo "2165"]
[Annotator "TA"]
[PlyCount "155"]
[EventDate "2018.10.27"]
[EventType "swiss"]
[EventCountry "GER"]
[SourceTitle "playchess.com"]
[Source "ChessBase"]
[SourceQuality "1"]

{[%evp 15,155,0,19,5,14,0,0,0,7,-8,0,-2,19,16,32,26,62,66,63,49,56,56,52,42,60,39,43,19,40,47,47,47,49,29,52,35,38,43,106,89,106,70,84,36,140,118,125,131,458,554,451,153,153,153,153,153,150,145,139,69,97,69,69,24,71,72,68,90,90,64,72,22,50,56,52,70,98,61,91,54,80,54,68,0,0,0,0,0,0,0,0,0,0,0,0,0,0,0,0,0,0,0,0,0,106,0,0,0,20,14,191,171,237,213,622,623,600,508,508,508,508,508,470,402,304,0,0,0,0,0,0,0,0,0,0,0,0,0,0,0,0,0]} 1. d4 d5 2. Bf4 Nf6 3. e3 c5 4. c3 Nc6 5. Nd2 Qb6 6. Qb3 e6 7. Ngf3 Be7 8. Qc2 {D02: 1 d4 d5 2 Nf3 sidelines, including 2...Nf6 3 g3 and 2...Nf6 3 Bf4} (8. h3 Bd7 9. Be2 Rc8 10. O-O O-O 11. Rfe1 Rfd8 12. Rac1 Be8 13. Qc2 cxd4 14. exd4 Nb4 15. Qb1 Nc6 {1-0 (30) Artemiev,V (2663)-Savchenko,B (2613) Sochi 2016}) 8... Bd7 $146 {LiveBook: 4 Games} ({Predecessor:} 8... O-O 9. Be2 Bd7 10. Ne5 Nxe5 11. Bxe5 Rac8 12. O-O Bb5 13. Nf3 Ne4 14. dxc5 Bxc5 15. Nd4 Bxe2 16. Qxe2 {½-½ (43) Schwertel,J (1990)-Mundal,A Dresden 2010}) 9. dxc5 Bxc5 10. Bd3 Rc8 11. O-O Nh5 12. a3 Nxf4 13. exf4 Bd6 14. g3 h5 15. h4 a5 16. Rfe1 Kf8 17. Re2 Qc7 18. Rae1 Rh6 19. Nf1 Qb8 20. Qd2 b5 21. Ne3 Rd8 22. b4 Qb6 23. Nc2 Ra8 24. Qe3 Qb7 25. Ncd4 Nxd4 26. Nxd4 axb4 (26... a4 $14) 27. axb4 $16 Rh8 28. Rc2 g6 29. Qe2 {[%cal Rd3b5]} Rb8 (29... Kg7 $14) 30. Ra1 Kg7 31. Rca2 Rhd8 $2 {[%mdl 8192]} (31... Qc8 $16) 32. Ra7 $18 Qc8 33. R1a3 $2 (33. R1a6 $18 Bc7 34. Bxg6 $1 {[%mdl 512]} (34. Bxb5 Bxb5 35. Nxb5 Bb6 $16)) 33... Rb7 $16 34. Rxb7 ({But not} 34. Nxb5 $6 Rxa7 35. Rxa7 Bxb5 $14) 34... Qxb7 35. Bxb5 ({And not} 35. Nxb5 Bxb5 36. Bxb5 d4 $11) 35... Be7 36. Bxd7 Rxd7 37. Qb5 (37. Ra6 $16 {Strongly threatening Nxe6+!} Bf6 38. b5) 37... Bf6 {and if ...Bxd4 works, Black does fine.} 38. Qxb7 (38. Qd3 {looks sharper.} Rc7 39. Qe3 Qb8 40. Rb3 Rc4 41. b5) 38... Rxb7 39. Rb3 Bxd4 40. cxd4 $11 {[%mdl 4096] Endgame KR-KR} Rb5 41. Kf1 Kf6 42. Ke2 Ke7 43. Kd2 Kd7 44. Kc3 Kc6 45. Ra3 $1 {[%cal Ra3a7]} Rb7 46. Kb3 Kb6 47. Ra5 Rc7 48. Rc5 Ra7 49. Rc1 (49. Rc8 $1 $14) 49... Ra8 50. f3 Rh8 51. Rc2 Ra8 52. Rc1 Rh8 53. Ka3 Ra8+ 54. Kb2 Ra4 55. Kb3 Ra8 56. g4 Rh8 57. g5 Ra8 58. Re1 Rg8 59. Re2 Kb5 (59... Re8 $11) 60. Rc2 (60. Ra2 $1 $16) 60... Kb6 $1 61. Kc3 Ra8 {White must now prevent ...Ra3+.} 62. Kd3 Rf8 $2 (62... Ra3+ $11 {and Black stays safe.} 63. Rc3 Ra4) 63. f5 $1 $18 gxf5 {[#]} (63... exf5 {was necessary.} 64. Rc5 Rd8) 64. Ke3 $1 Ra8 $2 (64... f4+ 65. Kxf4 f6) 65. Kf4 Ra3 66. Rf2 Kb5 67. Ke5 Kxb4 68. Kf6 Kc3 69. Kxf7 Kxd4 {[#]} 70. Kxe6 $2 (70. g6 $1 $18) 70... Ke3 $11 {The position is equal.} 71. Rb2 f4 {Hoping for ...d4.} 72. g6 {And now g7 would win.} Kxf3 73. g7 Ra8 74. Kxd5 {aiming for Rb6.} Rg8 75. Rb7 Kg4 76. Rf7 Kxh4 77. Rxf4+ Kg5 78. Ke4 {Precision: White = 56%, Black = 47%.} 1/2-1/2

[Event "22nd OIBM 2018"]
[Site "Gmund am Tegernsee"]
[Date "2018.10.30"]
[Round "4"]
[White "Halkias, Stelios"]
[Black "Baldauf, Marco"]
[Result "1/2-1/2"]
[WhiteElo "2544"]
[BlackElo "2472"]
[Annotator "TA"]
[PlyCount "127"]
[EventDate "2018.10.27"]
[EventType "swiss"]
[EventCountry "GER"]
[SourceTitle "playchess.com"]
[Source "ChessBase"]
[SourceQuality "1"]

{[%evp 12,127,4,17,40,39,49,41,48,49,49,47,35,47,56,66,56,24,25,28,70,66,68,74,68,68,69,51,54,45,40,47,50,46,47,47,42,49,40,47,90,57,118,97,206,190,192,183,232,190,189,184,191,188,192,143,146,144,150,153,151,142,145,28,36,8,8,8,8,8,8,0,10,8,39,0,0,0,32,8,8,8,8,8,22,8,8,0,8,8,8,8,8,0,8,0,8,0,8,0,0,0,0,0,0,0,0,0,0,0,3,0,4,6,7,0,0,11]} 1. Nf3 g6 2. e4 d6 3. d4 {[%cal Bd2d4,Bd4c5,Bc5d6][%mdl 32]} Nf6 4. Nc3 Bg7 5. g3 O-O 6. Bg2 c5 {B07: Pirc Defence: Miscellaneous Systems} (6... Na6 7. O-O c5 8. e5 Ne8 9. Be3 cxd4 10. Bxd4 Bg4 11. exd6 Qxd6 12. Bxg7 Kxg7 13. h3 Qxd1 14. Raxd1 Bxf3 15. Bxf3 {½-½ (97) Mamedov,R (2657)-Vovk,Y (2617) Berlin 2015}) 7. dxc5 {LiveBook: 4 Games} Qa5 8. cxd6 {[#] Strongly threatening e5.} Nxe4 $1 {White is slightly better.} 9. dxe7 Re8 10. O-O Nxc3 11. bxc3 Nc6 12. Re1 $146 ({Predecessor:} 12. Bf4 Bxc3 13. Rc1 Rxe7 14. Ng5 {1-0 (80) Majdan,J (2293)-Demidowicz,M (2039) Sroda Wielkopolska 2008}) 12... Rxe7 13. Rxe7 Nxe7 14. Bd2 Nc6 15. Nd4 Ne5 16. Qf1 Rb8 17. Qb5 Qxb5 18. Nxb5 Bd7 19. a4 a6 20. Nd6 Bc6 21. Bxc6 bxc6 22. Bf4 $36 {[%mdl 2048] White has the initiative.} g5 23. Bxe5 Bxe5 $14 {[%mdl 4096] Endgame KRB-KRN} 24. Nf5 Rb2 25. Rd1 {[%cal Rd1d8] [#]} h5 26. Rd7 Kh7 ({Black should try} 26... Rxc2 $14 27. Nh6+ Kf8) 27. Ne3 $16 Ra2 (27... Kg7 $16 {was necessary.}) 28. Rxf7+ $18 Kg6 29. Rf5 Bf6 30. Rc5 Rxa4 31. Rxc6 Kf7 32. Nd5 Be5 33. f4 gxf4 34. gxf4 Bg7 35. Kf2 Ra2 36. Ke3 Rxc2 37. Rxa6 (37. h4 $16) 37... Rxh2 $11 38. Ke4 h4 39. Ra7+ Kf8 40. Ra8+ Kf7 41. Ra7+ Kf8 42. f5 {aiming for f6.} Rf2 43. Ra8+ Kf7 44. Ra7+ Kf8 45. Nf4 Bxc3 {The position is equal.} 46. Ng6+ Kg8 47. Nxh4 Bf6 48. Ng6 Rf1 49. Rb7 Re1+ 50. Kd5 Bg7 51. Kd6 Re2 52. Ne7+ Kf8 53. Ng6+ Kg8 54. Ne7+ Kf8 55. Nd5 Rd2 56. Rb8+ Kf7 57. Rb7+ Kf8 58. Ra7 Rd1 59. Ra8+ Kf7 60. Ra7+ Kf8 61. Rd7 Rd2 62. Rb7 Rd1 63. Rd7 Rd2 64. Rd8+ {Precision: White = 62%, Black = 68%.} 1/2-1/2

[Event "22nd OIBM 2018"]
[Site "Gmund am Tegernsee"]
[Date "2018.10.30"]
[Round "4"]
[White "Stefansson, Hannes"]
[Black "Gopal G.N."]
[Result "1/2-1/2"]
[WhiteElo "2502"]
[BlackElo "2578"]
[Annotator "TA"]
[PlyCount "73"]
[EventDate "2018.10.27"]
[EventType "swiss"]
[EventCountry "GER"]
[SourceTitle "playchess.com"]
[Source "ChessBase"]
[SourceQuality "1"]

{[%evp 27,73,4,11,3,14,0,0,0,0,0,0,0,0,0,0,-12,0,0,0,-32,0,-4,0,-38,-40,-50,-8,-56,0,0,0,0,0,0,0,0,0,0,0,0,0,0,0,0,0,0,22,0]} 1. d4 Nf6 2. c4 g6 3. Nc3 d5 4. cxd5 Nxd5 5. e4 Nxc3 6. bxc3 Bg7 7. Be3 c5 8. Nf3 Qa5 9. Qd2 Nc6 10. Rb1 a6 11. Rc1 cxd4 12. cxd4 Qxd2+ 13. Kxd2 e6 14. Bd3 {D85: Exchange Grünfeld: Unusual White 7th moves and lines with 7 Nf3} Bd7 {LiveBook: 3 Games} (14... O-O 15. e5 Rd8 16. Bg5 Re8 17. Be4 Bd7 18. h4 h6 19. Be3 Rac8 20. h5 g5 21. Nh2 Na5 {1-0 (44) Le,Q (2718)-Gelfand,B (2734) Almaty 2016}) 15. h4 h6 {[#]} 16. Rb1 $146 ({Predecessor:} 16. g4 Rc8 17. g5 h5 18. Rc2 O-O 19. Rb1 b5 20. Rbc1 Rfd8 21. a4 bxa4 22. Bxa6 {½-½ (30) Istratescu,A (2616)-Howell,D (2611) Hastings 2011}) 16... b5 17. Ke2 O-O 18. Rhd1 Rfd8 19. Kf1 Rac8 20. Be2 Be8 21. g4 {[%cal Bg2g4,Bg4g5][%mdl 32]} Bf8 22. g5 h5 23. Rd2 Bb4 24. Rd3 {[#] Hoping for d5.} Be7 25. Rd2 Na5 26. Ne5 Bd6 27. f4 (27. f3 {is more complex.} Rc3 28. Kf2 Kg7 29. Rdb2 Rdc8 30. Bd2) 27... Bxe5 ({Black should try} 27... Nc4 $15 28. Nxc4 bxc4) 28. dxe5 $11 {Threatens to win with Rxd8.The position is equal.} Nc4 29. Bxc4 Rxd2 30. Bxd2 Rxc4 {[%mdl 4096] Endgame KRB-KRB} 31. Rb4 Bc6 32. Rxc4 bxc4 33. Bb4 Bxe4 34. Ke1 {[#]} c3 $1 {[%mdl 512]} 35. Kd1 (35. Bxc3 Bd5) 35... Bb1 36. a3 Bd3 37. Kc1 {Precision: White = 60%, Black = 54%.} 1/2-1/2

[Event "22nd OIBM 2018"]
[Site "Gmund am Tegernsee"]
[Date "2018.10.30"]
[Round "4"]
[White "Jarmula, Lukasz"]
[Black "Santos Latasa, Jaime"]
[Result "0-1"]
[WhiteElo "2492"]
[BlackElo "2572"]
[Annotator "TA"]
[PlyCount "72"]
[EventDate "2018.10.27"]
[EventType "swiss"]
[EventCountry "GER"]
[SourceTitle "playchess.com"]
[Source "ChessBase"]
[SourceQuality "1"]

{[%evp 19,72,-21,14,4,18,-18,28,-15,-8,-5,0,-45,-45,-64,-60,-55,-51,-104,-27,-31,-23,-43,-42,-58,-56,-43,-42,-70,-43,-46,-43,-62,-48,-52,-29,-87,-87,-78,-92,-189,-200,-199,-189,-261,-246,-251,-254,-542,-426,-828,-823,-29959,-6012,-29985,-29985]} 1. e4 c5 2. Nf3 d6 3. d4 cxd4 4. Nxd4 Nf6 5. Nc3 a6 6. Be3 e5 7. Nb3 Be6 8. h3 {B90: Sicilian Najdorf: Unusual White 6th moves, 6 Be3 Ng4 and 6 Be3 e5} (8. f3 Be7 9. Qd2 O-O 10. O-O-O Nbd7 11. g4 b5 12. g5 Nh5 13. Nd5 Bxd5 14. exd5 f6 15. gxf6 Bxf6 16. Kb1 Nf4 17. Na5 Nb6 18. Nc6 Qc7 19. Bxf4 exf4 20. c3 Rae8 21. Rg1 {½-½ (88) So,W (2776)-Wojtaszek,R (2727) Batumi 2018}) 8... Be7 9. Qf3 O-O 10. g4 b5 {LiveBook: 6 Games} 11. a3 $146 ({Predecessor:} 11. O-O-O b4 12. Nd5 Nxd5 13. exd5 Bd7 14. Bd3 Bb5 15. Kb1 Bxd3 16. cxd3 {½-½ (59) Andriasian,Z (2611)-Kokarev,D (2628) Kazan 2014}) 11... Nc6 12. Nd5 (12. g5 $5 {[%cal Rg5f6]} Ne8 13. h4 $11) 12... Rb8 13. Bg2 a5 14. c3 Nd7 15. O-O (15. h4 $5) 15... Bg5 16. Rad1 Bxe3 17. Qxe3 Nb6 18. Nc1 {[#]} (18. f4 $15) 18... Ne7 ({Black should try} 18... Bxd5 $1 $17 19. exd5 Ne7) 19. Nxb6 $11 Rxb6 20. Rd2 Qc7 21. Rfd1 h6 22. Ne2 Ng6 23. Ng3 Bb3 24. Re1 Rfb8 25. Nh5 Qe7 26. Bf1 Nf8 27. Be2 (27. f4 $11) 27... g6 $17 28. Ng3 Qh4 29. Bd1 {[#]} (29. Kh2 $17) 29... Bxd1 $1 $19 30. Rexd1 Qxh3 31. Rxd6 (31. g5 {might work better.}) 31... Rxd6 32. Rxd6 {Hoping for Qa7.} Ne6 33. Qf3 $2 (33. Nf1 Qxg4+ 34. Qg3 Qxe4 35. f3) 33... Nf4 34. Qh1 (34. Rd4 $142 exd4 35. Qxf4) 34... Qxg4 {...b4 is the strong threat.} 35. Qxh6 b4 36. axb4 axb4 {Precision: White = 19%, Black = 63%.} 0-1

[Event "22nd OIBM 2018"]
[Site "Gmund am Tegernsee"]
[Date "2018.10.30"]
[Round "4"]
[White "Milov, Leonid"]
[Black "Hornung, Hans"]
[Result "1-0"]
[WhiteElo "2481"]
[BlackElo "1986"]
[Annotator "TA"]
[PlyCount "41"]
[EventDate "2018.10.27"]
[EventType "swiss"]
[EventCountry "GER"]
[SourceTitle "playchess.com"]
[Source "ChessBase"]
[SourceQuality "1"]

{[%evp 20,41,46,30,62,75,95,114,115,114,172,165,243,239,360,236,238,234,556,555,555,546,552,547]} 1. e4 c5 2. Nf3 g6 3. d4 cxd4 4. Nxd4 Bg7 5. c4 Nc6 6. Be3 Nh6 {[%cal Bg8h6,Bh6f5,Bf5d4][%mdl 32]} 7. Nc3 O-O 8. Be2 f5 9. exf5 Bxd4 {B38: Sicilian: Maroczy Bind with 5...Bg7 and 7...0-0} 10. Bxd4 (10. Bxh6 Rxf5 11. O-O d6 12. Qd2 Qa5 13. Be3 Qe5 14. Bxd4 Qxd4 15. Rad1 Qxd2 16. Rxd2 Be6 17. f4 Raf8 18. g3 Bc8 19. b3 Kg7 {1-0 (33) Wen,Y (2608)-Gholami,A (2489) Moscow 2018}) 10... Nxf5 11. Bc5 {LiveBook: 7 Games} b6 $146 {White has an edge.} ({Predecessor:} 11... d6 12. Ba3 Nfd4 13. O-O Bf5 14. Rc1 Qd7 15. Nd5 Rf7 16. b3 Raf8 17. Bb2 {1-0 (45) Salinas Herrera,P (2366)-Garcia,R (2338) Paraguay 2012}) 12. Ba3 Nfd4 13. Bd3 {[%cal Be2d3,Bd3e4,Be4b7,Bb7a8,Ba8c6][%mdl 32]} Bb7 14. Be4 Qc7 (14... Rf7 $16) 15. O-O $18 Qe5 (15... d6 {might work better.} 16. b3 (16. Nb5 Nxb5 17. cxb5 Ne5 $16) 16... Qd7) 16. Re1 Qg5 (16... Qg7 $142 17. Nb5 Rab8 18. Nxd4 Qxd4) 17. Bxe7 Nxe7 18. Bxb7 Nec6 $2 (18... Rab8 19. Qxd4 Rxb7) 19. Bxa8 {White is clearly winning.} Nf3+ 20. Kh1 Nxe1 {[%csl Ge1][%cal Rg5g2] [#]} 21. Bxc6 ({Not} 21. Qxe1 Rxa8 22. Rd1 Rf8 $18) 1-0